000 00822nam a2200217 i 4500
001 37806
003 ES-MaACL
005 20250724063407.0
007 t|
008 030221s1945 ag |||| | spa d
100 1 _aByron, George Gordon Byron,
_cBaron,
_d1788-1824
_933026
245 1 0 _aPoemas dramáticos de Byron /
_ctraducción de Alcalá Galiano ; estudio preliminar de Macauly ; prólogo de Menéndez y Pelayo.
260 _aBuenos Aires :
_bArgonauta,
_c[1945] (
_fImp. López)
300 _a359 p. ;
_c19 cm.
505 0 _aCaín ; Sardanápalo ; Manfredo
700 1 _aAlcalá Galiano, José,
_d1839-1919
_9125587
700 1 _aMacauly.
_975069
700 1 _aMenéndez y Pelayo, Marcelino,
_d1856-1912
_980332
852 _aES-MaACL
_jC-27727
_z- Donat. José Antonio Llardent
999 _c37806
_d37806